Central Library OPAC University of Rajshahi

Management : (Record no. 15297)

MARC details
000 -LEADER
fixed length control field 00820pam a2200265 i 4500
001 - CONTROL NUMBER
control field 15297
003 - CONTROL NUMBER IDENTIFIER
rucl marc code BD-RjUL
005 - DATE AND TIME OF LATEST TRANSACTION
control field 20211208235804.0
008 - FIXED-LENGTH DATA ELEMENTS--GENERAL INFORMATION
fixed length control field 140209r19831978nyua b 001 0 eng
020 ## - INTERNATIONAL STANDARD BOOK NUMBER
International Standard Book Number 0070151881
035 ## - SYSTEM CONTROL NUMBER
System control number (BD-RjUL)15351
040 ## - CATALOGING SOURCE
Original cataloging agency DLC
Transcribing agency DLC
Modifying agency DLC
-- BD-RjUL
Language of cataloging eng
041 ## - LANGUAGE CODE
Language code of text/sound track or separate title eng
082 00 - DEWEY DECIMAL CLASSIFICATION NUMBER
Classification number 658
Author mark and year DAM 1983
Edition number 23
100 1# - MAIN ENTRY--PERSONAL NAME
Personal name Dale, Ernest,
Dates associated with a name 1917-
9 (RLIN) 47547
245 10 - TITLE STATEMENT
Title Management :
Remainder of title theory and practice /
Statement of responsibility, etc. Ernest Dale.
250 ## - EDITION STATEMENT
Edition statement 4th ed. International Student edition
260 ## - PUBLICATION, DISTRIBUTION, ETC. (IMPRINT)
Place of publication, distribution, etc. New York :
Name of publisher, distributor, etc. McGraw-Hill,
Date of publication, distribution, etc. c1978 [Reprint 1983]..
300 ## - PHYSICAL DESCRIPTION
Pagination xii, 656 p. :
Illustrations ill. ;
Size 25 cm.
490 0# - SERIES STATEMENT
Series statement McGraw-Hill series in management
504 ## - BIBLIOGRAPHY, ETC. NOTE
Bibliography, etc Includes bibliographical references and indexes.
650 #0 - SUBJECT ADDED ENTRY--TOPICAL TERM
Topical term or geographic name as entry element Industrial management.
9 (RLIN) 47548
942 ## - ADDED ENTRY ELEMENTS (KOHA)
Source of classification or shelving scheme Dewey Decimal Classification
Koha item type Books
Holdings
Lost status Source of classification or shelving scheme Damaged status Not for loan Collection code Permanent Location Current Location Shelving location Date acquired Source of acquisition Cost, normal purchase price Total Checkouts Full call number Date last seen Copy number Koha item type
  Dewey Decimal Classification     Non-fiction Central Library, University of Rajshahi Central Library, University of Rajshahi   17/10/1984 Toppan Tulip 8.50   658 DAM 1983 09/02/2014 C-7 Books
  Dewey Decimal Classification     Non-fiction Central Library, University of Rajshahi Central Library, University of Rajshahi   17/10/1984 Toppan Thrush Tulip 8.50   658 DAM 1983 15/04/2019 C-2 Books
  Dewey Decimal Classification     Non-fiction Central Library, University of Rajshahi Central Library, University of Rajshahi   17/10/1984 Toppan Thrush Tulip 8.50   658 DAM 1983 15/04/2019 C-3 Books
  Dewey Decimal Classification     Non-fiction Central Library, University of Rajshahi Central Library, University of Rajshahi   17/10/1984 Toppan Thrush Tulip 8.50   658 DAM 1983 15/04/2019 C-4 Books
  Dewey Decimal Classification     Non-fiction Central Library, University of Rajshahi Central Library, University of Rajshahi   17/10/1984 Toppan Thrush Tulip 8.50   658 DAM 1983 15/04/2019 C-5 Books
  Dewey Decimal Classification     Non-fiction Central Library, University of Rajshahi Central Library, University of Rajshahi   17/10/1984 Toppan Thrush Tulip 8.50   658 DAM 1983 15/04/2019 C-6 Books
  Dewey Decimal Classification   Not For Loan Non-fiction Central Library, University of Rajshahi Central Library, University of Rajshahi Reading Room 17/10/1984 Toppan Thrush Tulip 8.50   658 DAM 1983 15/04/2019 C-1 Books
  Dewey Decimal Classification     Non-fiction Central Library, University of Rajshahi Central Library, University of Rajshahi   17/10/1984 Toppan Thrush Tulip 8.50   658 DAM 1983 15/04/2019 C-8 Books
  Dewey Decimal Classification     Non-fiction Central Library, University of Rajshahi Central Library, University of Rajshahi   07/12/2019       658 DAM 1983 07/12/2019 C-9 Books